[Event "Titled Tue 17th Jun Late"]
[Site "chess.com INT"]
[Date "2025.06.17"]
[Round "7"]
[White "Lisenkov, Svyatoslav"]
[Black "Fiorito, Joaquin"]
[Result "1-0"]
[WhiteTitle "CM"]
[BlackTitle "IM"]
[WhiteElo "2283"]
[BlackElo "2419"]
[WhiteFideId "34264183"]
[BlackFideId "180173"]
[EventDate "2025.06.17"]

1. e4 e5 2. Nf3 Nc6 3. g3 Nf6 4. d3 Bc5 5. Bg2 d6 6. O-O O-O 7. c3 a6 8. a4 Re8
9. b4 Bb6 10. Nbd2 d5 11. Qc2 d4 12. Bb2 dxc3 13. Bxc3 Bg4 14. h3 Bh5 15. g4 Bg6
16. Nc4 Bd4 17. Nxd4 Nxd4 18. Qb2 Nc6 19. Nxe5 Nxe5 20. Bxe5 Qxd3 21. Rfd1 Qc4
22. Bxf6 gxf6 23. Rd4 Qc6 24. Rc1 Qxa4 25. Rxc7 Rad8 26. Rxd8 Rxd8 27. Qxf6 Qd1+
28. Kh2 Re8 29. Rxb7 Qd3 30. Re7 Rf8 31. h4 h6 32. h5 Bh7 33. Qxh6 Qc3 34. Qg5+
Kh8 35. Qe5+ Qxe5+ 36. Rxe5 Rb8 37. Ra5 Rb6 38. Kg3 Kg7 39. e5 f6 40. exf6+ Kxf6
41. g5+ Kg7 42. f4 Bd3 43. h6+ Kg6 44. Rd5 Bc4 45. Be4+ Kf7 46. Rd4 Be6 47. f5
Bc8 48. h7 Kg7 49. f6+ 1-0

[Event "Titled Tue 17th Jun Late"]
[Site "chess.com INT"]
[Date "2025.06.17"]
[Round "7"]
[White "Sarana, Alexey"]
[Black "Rasulov, Vugar"]
[Result "1-0"]
[WhiteTitle "GM"]
[BlackTitle "GM"]
[WhiteElo "2686"]
[BlackElo "2483"]
[WhiteFideId "24133795"]
[BlackFideId "13402390"]
[EventDate "2025.06.17"]

1. d4 d5 2. c4 c6 3. Nf3 Nf6 4. Nc3 e6 5. e3 Nbd7 6. Qc2 Bd6 7. Be2 O-O 8. O-O
Re8 9. Rd1 Qe7 10. h3 b6 11. e4 Nxe4 12. Nxe4 dxe4 13. Qxe4 Bb7 14. Bg5 f6 15.
Be3 Rad8 16. Rac1 f5 17. Qc2 c5 18. dxc5 Bxc5 19. Bxc5 Nxc5 20. b4 Ne4 21. a3
Qf6 22. c5 Rxd1+ 23. Rxd1 bxc5 24. bxc5 Bd5 25. Qa4 Qe7 26. Rc1 Rc8 27. Ne5 Rxc5
28. Rxc5 Qxc5 29. Qe8+ Qf8 30. Qd7 a5 31. Qc7 a4 32. Bb5 Nc5 33. h4 f4 34. h5 f3
35. gxf3 Nb3 36. Nd7 Qa8 37. h6 gxh6 38. Nf6+ Kf8 39. Nxh7+ Kg8 40. Nf6+ Kf8 41.
Qh7 Bc6 42. Nd7+ Ke8 43. Ne5 Qd8 44. Bxc6+ 1-0

[Event "Titled Tue 17th Jun Late"]
[Site "chess.com INT"]
[Date "2025.06.17"]
[Round "7"]
[White "Aslanov, Umid"]
[Black "Drygalov, Sergey"]
[Result "0-1"]
[WhiteTitle "FM"]
[BlackTitle "GM"]
[WhiteElo "2298"]
[BlackElo "2560"]
[WhiteFideId "13412620"]
[BlackFideId "24171743"]
[EventDate "2025.06.17"]

1. e4 c5 2. Nf3 d6 3. d4 cxd4 4. Nxd4 Nf6 5. Nc3 a6 6. Be2 e5 7. Nb3 Be7 8. g4
h6 9. h4 Be6 10. g5 hxg5 11. Bxg5 Nbd7 12. Qd3 Rc8 13. O-O-O b5 14. Nd5 Bxd5 15.
exd5 Nc5 16. Nxc5 Rxc5 17. Bf3 Rc4 18. Rde1 Qb6 19. Re2 Rd4 20. Qc3 Rc4 21. Qd3
Qa5 22. Kb1 Ra4 23. a3 Rd4 24. Qf5 Qc7 25. c3 Rc4 26. h5 a5 27. h6 g6 28. Bxf6
gxf5 29. Bxh8 Bh4 30. h7 f6 31. Bxf6 Qxh7 32. Rc2 Kf7 33. Bd8 Qh8 34. Bg5 Kg6
35. Be7 Kf7 36. Bg5 Ra4 37. Bd1 Qg7 38. Bxh4 Qh7 39. Rh2 Rxh4 40. Rxh4 Qxh4 41.
Rd2 Kf6 42. Kc1 b4 43. Be2 bxc3 44. bxc3 Qf4 45. Kc2 Qxf2 46. Bc4 Qc5 47. Bb5
Qxb5 0-1

[Event "Titled Tue 17th Jun Late"]
[Site "chess.com INT"]
[Date "2025.06.17"]
[Round "7"]
[White "Yevchenko, Oleksandr"]
[Black "Ristic, Nebojsa M"]
[Result "0-1"]
[WhiteTitle "CM"]
[BlackTitle "IM"]
[WhiteElo "2276"]
[BlackElo "2248"]
[WhiteFideId "14108267"]
[BlackFideId "900850"]
[EventDate "2025.06.17"]

1. c4 Nf6 2. Nc3 g6 3. d4 Bg7 4. e4 d6 5. h3 O-O 6. Be3 e5 7. d5 a5 8. g4 Na6 9.
Nge2 Nd7 10. Ng3 Ndc5 11. Qd2 f5 12. exf5 gxf5 13. Bh6 Bxh6 14. Qxh6 Qf6 15.
Qxf6 Rxf6 16. g5 Rf8 17. O-O-O f4 18. Nh5 Bf5 19. Nf6+ Kg7 20. h4 a4 21. f3 Nb4
22. Nfe4 Nxe4 23. fxe4 Bg4 24. Re1 a3 25. b3 h5 26. gxh6+ Kxh6 27. Rg1 Rg8 28.
Kd2 Bd7 29. Be2 Raf8 30. Nb1 Nxa2 31. Nxa3 Nb4 32. Rxg8 Rxg8 33. Nc2 Nxc2 34.
Kxc2 Rg2 35. Kd3 Rg3+ 36. Kc2 f3 37. Bd3 Bh3 38. Kd2 f2 39. Rh1 Rxd3+ 40. Kxd3
f1=Q+ 41. Rxf1 Bxf1+ 42. Kc3 Bg2 43. Kd3 Kh5 44. b4 Kxh4 45. c5 Kg3 46. cxd6
cxd6 47. Kc4 Bxe4 48. Kb5 Bxd5 49. Kb6 e4 50. Kc7 e3 51. Kxd6 Bf3 0-1

[Event "Titled Tue 17th Jun Late"]
[Site "chess.com INT"]
[Date "2025.06.17"]
[Round "7"]
[White "Manukian, Artak"]
[Black "Melendez Manuel A."]
[Result "1-0"]
[BlackTitle "FM"]
[WhiteElo "2104"]
[BlackElo "2154"]
[WhiteFideId "13301373"]
[BlackFideId "6706800"]
[EventDate "2025.06.17"]

1. e4 e5 2. Nf3 Nc6 3. d4 exd4 4. Nxd4 Bc5 5. Nxc6 bxc6 6. Bc4 Qf6 7. O-O Ne7 8.
Qh5 Bb6 9. Bg5 Qg6 10. Qh4 f6 11. Be3 Bxe3 12. fxe3 d6 13. Nc3 Qg4 14. Qf2 h5
15. h3 Qg5 16. Qf4 Qc5 17. Bb3 h4 18. Rad1 Rh5 19. Kh1 Ng6 20. Qf2 Rg5 21. Ne2
Qe5 22. Rd4 Ba6 23. c4 c5 24. Rd5 Qe7 25. Rxg5 fxg5 26. Nc3 O-O-O 27. Qf5+ Kb8
28. Qxg6 Bc8 29. Qf7 Qe5 30. Qd5 Qg3 31. Qd2 g4 32. Qf2 Qe5 33. Qf4 Qh5 34. Bd1
g5 35. hxg4 Qh8 36. Qf6 Qh7 37. Qxd8 h3 38. g3 Kb7 39. Rf8 Bd7 40. Bf3 Ka6 41.
Qa8 Bc6 42. e5 Bxa8 43. Rxa8 Qb1+ 44. Nxb1 1-0

[Event "Titled Tue 17th Jun Late"]
[Site "chess.com INT"]
[Date "2025.06.17"]
[Round "7"]
[White "Storn, Justin"]
[Black "Reinecke, Katharina"]
[Result "1-0"]
[BlackTitle "WCM"]
[WhiteElo "2073"]
[BlackElo "1921"]
[WhiteFideId "30922720"]
[BlackFideId "12929727"]
[EventDate "2025.06.17"]

1. e4 c6 2. d4 d5 3. e5 Bf5 4. Nf3 e6 5. Be2 Ne7 6. Bd2 Bg6 7. Bb4 a5 8. Bd6 Nf5
9. Bxf8 Kxf8 10. Nbd2 Qb6 11. h4 Nxd4 12. Nxd4 Qxd4 13. h5 Bf5 14. g4 Bxg4 15.
Bxg4 Qxe5+ 16. Kf1 Nd7 17. h6 g6 18. c3 Ke7 19. Be2 f5 20. Nf3 Qd6 21. Qd2 Nf6
22. Qd4 Rhf8 23. Qe5 Qxe5 24. Nxe5 Ne4 25. Bd3 b5 26. Nxc6+ Kd6 27. Bxb5 Kc5 28.
a4 Nd2+ 29. Ke2 Nc4 30. b4+ axb4 31. cxb4+ Kd6 32. Rhc1 Rfc8 33. Bxc4 dxc4 34.
b5 Kc5 35. Rc3 Re8 36. Rac1 Rxa4 37. Ne5 Kxb5 38. Rxc4 Rxc4 39. Rxc4 Rd8 40. Rc7
Rd5 41. f4 Kb4 42. Rxh7 Rd4 43. Ke3 Re4+ 44. Kf3 Kc3 45. Rd7 Re1 46. h7 Rh1 47.
Nxg6 e5 48. fxe5 Rh3+ 49. Kf4 Rxh7 50. Rxh7 Kd4 51. Rd7+ Kc3 52. e6 Kc4 53. Kxf5
Kc5 54. Rd1 Kc4 55. e7 Kc3 56. e8=Q Kc2 57. Rd7 Kc3 58. Qc8+ Kb4 59. Rb7+ Ka3
60. Qa8# 1-0

[Event "Titled Tue 17th Jun Late"]
[Site "chess.com INT"]
[Date "2025.06.17"]
[Round "7"]
[White "Hakobyan, Aram"]
[Black "Bryakin, Mikhail"]
[Result "1-0"]
[WhiteTitle "GM"]
[BlackTitle "GM"]
[WhiteElo "2620"]
[BlackElo "2462"]
[WhiteFideId "13306677"]
[BlackFideId "4165314"]
[EventDate "2025.06.17"]

1. d4 f5 2. Bg5 Nf6 3. Bxf6 exf6 4. e3 d5 5. c4 c6 6. Nc3 Be6 7. cxd5 cxd5 8.
Bd3 Nc6 9. Nge2 Qd7 10. Nf4 Bb4 11. Qh5+ Qf7 12. Nxe6 g6 13. Qf3 Qxe6 14. O-O
Bxc3 15. bxc3 Na5 16. Rab1 Rd8 17. Qg3 b6 18. h4 O-O 19. h5 Kg7 20. Qh3 Rc8 21.
Rbc1 Nc4 22. Rc2 Nd6 23. Rfc1 Rc7 24. g3 g5 25. h6+ Kg6 26. g4 Kf7 27. gxf5 Qd7
28. c4 Rfc8 29. cxd5 Rxc2 30. Rxc2 Rxc2 31. Bxc2 Qb5 32. e4 Qe2 33. Qd3 Qg4+ 34.
Kf1 b5 35. e5 Nc4 36. d6 Qf4 37. Bb3 Qc1+ 38. Kg2 Ke8 39. Bxc4 bxc4 40. Qe4 Qf4
41. Qc6+ Kf8 42. Qc8+ Kf7 43. Qe6+ Kf8 44. Qe7+ Kg8 45. Qe8# 1-0

[Event "Titled Tue 17th Jun Late"]
[Site "chess.com INT"]
[Date "2025.06.17"]
[Round "7"]
[White "Galchenko, Matvey"]
[Black "Shuvalova, Polina"]
[Result "1-0"]
[WhiteTitle "IM"]
[BlackTitle "IM"]
[WhiteElo "2435"]
[BlackElo "2480"]
[WhiteFideId "24175480"]
[BlackFideId "24171760"]
[EventDate "2025.06.17"]

1. f4 d5 2. Nf3 g6 3. g3 Bg7 4. Bg2 c5 5. O-O Nc6 6. d3 Nf6 7. Nc3 O-O 8. e4
dxe4 9. dxe4 Qxd1 10. Rxd1 Bg4 11. e5 Nd7 12. Be3 Rfd8 13. h3 Bf5 14. g4 Be6 15.
Ng5 Rac8 16. Nce4 Bc4 17. b3 h6 18. bxc4 hxg5 19. Nxg5 Nb6 20. Bxc6 Rxd1+ 21.
Rxd1 Rxc6 22. Rd8+ Bf8 23. Ne4 Kg7 24. Bxc5 Nxc4 25. Bd4 e6 26. Nf6 b6 27. h4
Na3 28. c3 Nb5 29. h5 gxh5 30. Nxh5+ Kg8 31. f5 Nxc3 32. Kf2 Nb5 33. Be3 exf5
34. gxf5 Nc7 35. Nf6+ Kg7 36. Nh5+ Kg8 37. Rc8 Rc2+ 38. Kg1 Rc3 39. Bh6 Kh7 40.
Bxf8 Rc1+ 41. Kg2 Rc2+ 42. Kh3 Rc3+ 43. Kg4 Rc4+ 44. Kg5 Nd5 45. Nf6+ Nxf6 46.
Rxc4 Nd7 47. Bd6 Kg8 48. Rc8+ Kh7 49. e6 Nf6 50. Kxf6 fxe6 51. fxe6 1-0

[Event "Titled Tue 17th Jun Late"]
[Site "chess.com INT"]
[Date "2025.06.17"]
[Round "7"]
[White "Amirkul, Alimzhan"]
[Black "Akopyan, Harutyun"]
[Result "1-0"]
[WhiteTitle "FM"]
[BlackTitle "FM"]
[WhiteElo "2357"]
[BlackElo "2240"]
[WhiteFideId "13718428"]
[BlackFideId "2012014"]
[EventDate "2025.06.17"]

1. c4 Nf6 2. Nf3 e6 3. b3 b6 4. Bb2 Bb7 5. e3 Be7 6. Be2 O-O 7. O-O d5 8. Ne5 c5
9. f4 h6 10. Bf3 Qc7 11. d3 Rd8 12. Qe2 dxc4 13. bxc4 Nc6 14. Na3 Rac8 15. Nb5
Qb8 16. Rad1 Nd7 17. Nxd7 Rxd7 18. f5 exf5 19. Bd5 Nb4 20. Bxb7 Qxb7 21. a3 Nc6
22. Rxf5 Bg5 23. Nc3 Ne7 24. Rff1 Rcd8 25. Ne4 Ng6 26. Nxg5 hxg5 27. Rf5 f6 28.
g3 Qc6 29. e4 Qe6 30. Rd2 Ne7 31. Rf3 Nc6 32. Rf5 Ne7 33. Rf1 Nc6 34. Qe3 Nd4
35. Bxd4 Rxd4 36. Rf5 Qd7 37. Rd5 Rxd5 38. cxd5 Qa4 39. d4 c4 40. e5 c3 41. Qxc3
Rxd5 42. Qc8+ Kh7 43. Qh3+ Kg6 44. g4 fxe5 45. Qh5+ Kf6 46. dxe5+ Ke6 47. Qg6+
Ke7 48. Qxg7+ Ke6 49. Qf6+ Kd7 50. Rxd5+ 1-0

[Event "Titled Tue 17th Jun Late"]
[Site "chess.com INT"]
[Date "2025.06.17"]
[Round "7"]
[White "Shafer, Logan C"]
[Black "Perez Rojas, Jorge"]
[Result "1-0"]
[WhiteTitle "CM"]
[BlackTitle "FM"]
[WhiteElo "2217"]
[BlackElo "2100"]
[WhiteFideId "30993342"]
[BlackFideId "3452093"]
[EventDate "2025.06.17"]

1. e4 e6 2. d4 d5 3. Nc3 Nf6 4. e5 Nfd7 5. f4 c5 6. Nf3 Nc6 7. Be3 cxd4 8. Nxd4
Bc5 9. Qd2 O-O 10. O-O-O Nxd4 11. Bxd4 f6 12. exf6 Bxd4 13. Qxd4 Qxf6 14. Qxf6
Nxf6 15. Bd3 b6 16. Rhf1 Bb7 17. Ne2 Rae8 18. Nd4 Ng4 19. Rde1 e5 20. fxe5 Rxf1
21. Rxf1 Nxe5 22. Bf5 g6 23. Be6+ Kg7 24. g4 Re7 25. g5 Nc4 26. Rf6 h6 27. h4
hxg5 28. hxg5 Bc8 29. b3 Nd6 30. Bxd5 Ne8 31. Rf1 Nd6 32. c4 Bf5 33. Kd2 Bh3 34.
Re1 Rd7 35. Kc3 Bf5 36. Be6 Bxe6 37. Nxe6+ Kf7 38. Nd4 Nb7 39. Rf1+ Kg8 40. Nc6
Nc5 41. Ne5 Rg7 42. Ng4 Re7 43. Nf6+ Kg7 44. Rd1 Ne6 45. Rd5 Nxg5 46. Nd7 Ne4+
47. Kd4 Nf6 48. Nxf6 Kxf6 49. b4 g5 50. c5 bxc5+ 51. bxc5 g4 52. Rd8 Kf5 53. c6
g3 54. Rg8 Kf4 55. Kd5 Kf3 56. Kd6 Rh7 57. c7 Rh6+ 58. Kd7 Rh7+ 59. Kd8 Rxc7 60.
Kxc7 g2 61. Kb7 a5 62. a4 Kf2 63. Ka6 g1=Q 64. Rxg1 Kxg1 65. Kxa5 Kf2 66. Kb6
Ke2 67. a5 Kd3 68. a6 Kd2 69. a7 Kc2 70. a8=Q 1-0

[Event "Titled Tue 17th Jun Late"]
[Site "chess.com INT"]
[Date "2025.06.17"]
[Round "7"]
[White "Kukushkin, Ivan"]
[Black "Petrenko, Maryna"]
[Result "1-0"]
[WhiteTitle "CM"]
[BlackTitle "WFM"]
[WhiteElo "2008"]
[BlackElo "2062"]
[WhiteFideId "11634103"]
[BlackFideId "14197820"]
[EventDate "2025.06.17"]

1. e4 c6 2. Nf3 d5 3. exd5 cxd5 4. Ne5 Nf6 5. d4 Nc6 6. Bb5 Bd7 7. Nxd7 Qxd7 8.
O-O e6 9. c3 Qc7 10. h3 Bd6 11. Nd2 O-O 12. Nf3 a6 13. Bd3 h6 14. Qe2 b5 15. a3
Nd7 16. Bc2 Na5 17. Re1 Rfc8 18. Nh4 Qc4 19. Bd3 Qc7 20. Bb1 Nf8 21. Qg4 Kh8 22.
Bc2 Nc6 23. Qh5 Qd8 24. g4 Kg8 25. g5 hxg5 26. Nf3 g6 27. Qh6 Qf6 28. Nxg5 Qg7
29. Qxg7+ Kxg7 30. f4 Nxd4 31. Bd3 Nf5 32. Bxf5 gxf5 33. Be3 Ng6 34. Bd4+ Kg8
35. Nxe6 fxe6 36. Rxe6 Nxf4 37. Rxd6 Nxh3+ 38. Kh2 Nf4 39. Rg1+ Kf8 40. Rf6+ Ke7
41. Rg7+ Ke8 42. Rxf5 Ne6 43. Re5 Rc6 44. Rg6 Kd7 45. Rxd5+ Ke7 46. Re5 Rh8+ 47.
Kg2 Rh4 48. Rg3 Kd7 49. Rd5+ Ke7 50. Be3 Re4 51. Rd3 1-0

[Event "Titled Tue 17th Jun Late"]
[Site "chess.com INT"]
[Date "2025.06.17"]
[Round "7"]
[White "Goodrich, Elliott"]
[Black "Kochetkov, German"]
[Result "0-1"]
[BlackTitle "IM"]
[WhiteElo "2019"]
[BlackElo "2277"]
[WhiteFideId "39902064"]
[BlackFideId "13500635"]
[EventDate "2025.06.17"]

1. e4 e5 2. Nf3 d6 3. Bc4 Be7 4. O-O Nf6 5. Re1 O-O 6. c3 Nc6 7. d4 Bg4 8. d5
Nb8 9. h3 Bc8 10. Nbd2 c6 11. Nf1 cxd5 12. exd5 Nbd7 13. Ng3 Nb6 14. Bb3 Ne8 15.
a4 g6 16. a5 Nd7 17. Bh6 Ng7 18. Qd2 Kh8 19. Ne4 Rg8 20. Nfg5 Qe8 21. f4 Nf5 22.
fxe5 Nxe5 23. Nf3 Nxf3+ 24. gxf3 Nxh6 25. Qxh6 Qf8 26. Qf4 g5 27. Qe3 f5 28.
Qd4+ Rg7 29. Ng3 Bf6 30. Qd3 Be5 31. Kg2 f4 32. Nh5 Rg6 33. Rxe5 dxe5 34. Qe4
Qf5 35. Qe2 Qxh3+ 36. Kf2 Qh2+ 37. Ke1 Qxe2+ 38. Kxe2 g4 39. Rh1 Bf5 40. Kf2 Rd8
41. c4 gxf3 42. Kxf3 b6 43. axb6 Rxb6 44. Bd1 Rxb2 45. Nf6 Rd2 46. Rh5 Rxd1 47.
Rxf5 Rf8 48. c5 Rxd5 49. Nxd5 Rxf5 50. c6 Rf8 51. Ne7 e4+ 52. Kxe4 f3 53. Nd5 f2
54. Ne3 Re8+ 55. Kf3 Rxe3+ 56. Kxf2 Rc3 0-1

[Event "Titled Tue 17th Jun Late"]
[Site "chess.com INT"]
[Date "2025.06.17"]
[Round "7"]
[White "Szpar, Milosz"]
[Black "Bluebaum, Matthias"]
[Result "0-1"]
[WhiteTitle "IM"]
[BlackTitle "GM"]
[WhiteElo "2495"]
[BlackElo "2663"]
[WhiteFideId "1184989"]
[BlackFideId "24651516"]
[EventDate "2025.06.17"]

1. e4 e6 2. d4 d5 3. Nc3 Nf6 4. Bg5 dxe4 5. Nxe4 Be7 6. Bxf6 Bxf6 7. Nf3 Nd7 8.
Qd2 Be7 9. O-O-O O-O 10. Qf4 c5 11. dxc5 Qa5 12. Kb1 Nxc5 13. Nxc5 Qxc5 14. Bd3
Bf6 15. h4 Qb6 16. Qc1 Rd8 17. Ng5 h6 18. Ne4 Be7 19. g4 Bd7 20. g5 h5 21. g6
fxg6 22. Ng5 Be8 23. Rhe1 Bxg5 24. Qxg5 Rd5 25. Qg3 Rad8 26. Re3 Qd6 27. f4 Rd4
28. Re5 Qf8 29. Rf1 Qf6 30. a3 a6 31. Rg5 R8d5 32. Re1 Bf7 33. Rxd5 exd5 34. Rf1
b5 35. f5 Qxh4 36. Qb8+ Kh7 37. fxg6+ Bxg6 38. Rf8 Bxd3 39. Rh8+ Kg6 40. Qe8+
Kg5 41. Qe3+ Qf4 42. Qg1+ Qg4 43. Qe3+ Rf4 44. Qe7+ Kg6 45. cxd3 Rf7 46. Qe3
Qd1+ 47. Ka2 Qg4 48. Qe5 Qg5 49. Qd6+ Qf6 50. Qxd5 Qf5 51. Qd6+ Rf6 52. Qg3+ Qg5
53. Qe3 Qxe3 0-1

[Event "Titled Tue 17th Jun Late"]
[Site "chess.com INT"]
[Date "2025.06.17"]
[Round "7"]
[White "Jagirapu, Harshin Reddy"]
[Black "Brancaleoni, Maurizio"]
[Result "0-1"]
[BlackTitle "FM"]
[WhiteElo "2042"]
[BlackElo "2185"]
[WhiteFideId "39910679"]
[BlackFideId "803022"]
[EventDate "2025.06.17"]

1. Nf3 c5 2. e4 g6 3. d4 cxd4 4. Qxd4 Nf6 5. Nc3 Nc6 6. Qa4 d6 7. e5 dxe5 8.
Nxe5 Bg7 9. Nxc6 bxc6 10. Qxc6+ Bd7 11. Qf3 O-O 12. Be2 Bg4 13. Qd3 Qc7 14. O-O
Bf5 15. Qg3 Qxg3 16. hxg3 Bxc2 17. Bf4 Nh5 18. Bxh5 gxh5 19. Rac1 Bd3 20. Rfd1
Rfd8 21. Bg5 Kf8 22. Re1 Rd7 23. Rcd1 Bxc3 24. bxc3 f6 25. Be3 Rad8 26. Bc5 Kf7
27. f3 e5 28. Rd2 Bc4 29. Rb2 a6 30. Reb1 Rd2 31. Rb7+ R8d7 32. a4 Ke6 33. R7b6+
Kf5 34. f4 Re2 35. fxe5 Kxe5 36. Bd4+ Ke4 37. Rxf6 Bd5 38. Rd1 Rf7 39. Rxf7 Bxf7
40. Kf1 Rc2 41. Re1+ Kd3 42. Re7 Bd5 43. Rxh7 Bxg2+ 44. Kg1 Bf3 45. a5 Rg2+ 46.
Kf1 Rxg3 47. Rh6 Rg2 48. Rxa6 h4 49. Rh6 Rh2 50. a6 h3 51. a7 Ra2 52. Rxh3 Ke4
53. Rh4+ Kd3 54. Rf4 Bg2+ 55. Kg1 Be4 56. Rf7 Rg2+ 57. Kf1 Ra2 58. Rf2 Ra1# 0-1

[Event "Titled Tue 17th Jun Late"]
[Site "chess.com INT"]
[Date "2025.06.17"]
[Round "7"]
[White "Mayans Calvo, Mariano"]
[Black "Sroczynski, Maciej"]
[Result "1/2-1/2"]
[WhiteTitle "CM"]
[BlackTitle "FM"]
[WhiteElo "2101"]
[BlackElo "2236"]
[WhiteFideId "2251426"]
[BlackFideId "1121472"]
[EventDate "2025.06.17"]

1. e4 c5 2. Nf3 Nc6 3. b3 d6 4. Bb5 Bd7 5. O-O Nf6 6. Re1 e6 7. Bb2 a6 8. Bf1
Be7 9. d4 cxd4 10. Nxd4 O-O 11. c4 Qb8 12. Nc3 Nxd4 13. Qxd4 b5 14. Rad1 Rd8 15.
h3 Qb7 16. Re3 Rac8 17. Rg3 b4 18. Ne2 e5 19. Qe3 Nxe4 20. f4 Nxg3 21. Nxg3 f6
22. Kh1 a5 23. Bd3 Bf8 24. Nh5 Be6 25. Qg3 Kh8 26. Re1 Qf7 27. Qf3 a4 28. Ng3
axb3 29. axb3 Ra8 30. Qe4 f5 31. Nxf5 Bxf5 32. Qxf5 Qxf5 33. Bxf5 exf4 34. Rf1
Ra2 35. Bd4 d5 36. c5 Rd2 37. c6 Bd6 38. Bb6 Re8 39. c7 Bxc7 40. Bxc7 Ree2 41.
Bxf4 Rf2 42. Bxd2 Rxf1+ 43. Kh2 Rxf5 44. Bxb4 d4 45. Kg3 Rb5 46. Bd2 Rxb3+ 47.
Kf4 Rb7 48. Ke4 Rd7 49. Kd3 Kg8 50. Bf4 Kf7 51. Be5 Ke6 52. Bxd4 Kf5 53. Ke3 h5
54. Bb2 h4 55. Bc3 g5 56. Ke2 Ra7 57. Bd2 Ra2 58. Ke3 Rxd2 59. Kxd2 Kf4 60. Ke2
Kg3 61. Kf1 Kh2 62. Kf2 Kh1 63. Kf3 Kg1 64. g3 hxg3 65. Kxg3 Kh1 66. Kf3 Kh2 67.
Kg4 Kg2 68. h4 gxh4 69. Kxh4 1/2-1/2

[Event "Titled Tue 17th Jun Late"]
[Site "chess.com INT"]
[Date "2025.06.17"]
[Round "7"]
[White "Bulgurlu, Okan"]
[Black "Bazan Romero, Octavio Aaron"]
[Result "0-1"]
[WhiteTitle "CM"]
[BlackTitle "FM"]
[WhiteElo "1964"]
[BlackElo "2289"]
[WhiteFideId "6352316"]
[BlackFideId "20003943"]
[EventDate "2025.06.17"]

1. e4 c6 2. Nc3 d5 3. Qf3 d4 4. Bc4 e6 5. Nce2 c5 6. Nh3 Nc6 7. Qg3 Nf6 8. d3 b5
9. Bb3 Na5 10. Bg5 Be7 11. e5 Nd5 12. Bxd5 exd5 13. Bxe7 Qxe7 14. Qxg7 Qf8 15.
Qg3 Rg8 16. Qf3 Be6 17. Nhf4 O-O-O 18. a4 b4 19. h3 Nc6 20. Nxe6 fxe6 21. Qxf8
Rdxf8 22. O-O Nxe5 23. f4 Ng6 24. g3 Nh4 25. Kh2 Nf5 26. Rf3 Ne3 27. c3 bxc3 28.
bxc3 Nf5 29. cxd4 cxd4 30. Rc1+ Kd7 31. g4 Nh4 32. Rf2 e5 33. f5 Ng6 34. Ng3 Nf4
35. Rfc2 Rc8 36. Rxc8 Rxc8 37. Rxc8 Kxc8 38. f6 Kd7 39. g5 Ke6 40. Nh5 Nxd3 41.
Kg3 Nc5 42. Ng7+ Kf7 43. Nf5 d3 44. Kf3 e4+ 45. Ke3 Nb3 46. Nd6+ Ke6 47. f7 Ke7
48. h4 d4+ 49. Kf2 e3+ 50. Ke1 d2+ 51. Ke2 d3+ 52. Kxe3 d1=Q 53. g6 Qe2+ 54. Kf4
Qh2+ 55. Kf5 Qxd6 56. gxh7 Qf6+ 57. Kg4 Qh8 58. h5 Kf8 59. Kh4 Qxh7 0-1

[Event "Titled Tue 17th Jun Late"]
[Site "chess.com INT"]
[Date "2025.06.17"]
[Round "7"]
[White "Distaso, Antonio Pio"]
[Black "George Samir, David"]
[Result "1-0"]
[BlackTitle "FM"]
[WhiteElo "2253"]
[BlackElo "2356"]
[WhiteFideId "805548"]
[BlackFideId "10657789"]
[EventDate "2025.06.17"]

1. e4 b6 2. d4 Bb7 3. Bd3 Nf6 4. Qe2 e6 5. c4 c5 6. d5 e5 7. Nc3 d6 8. f4 Nbd7
9. Nf3 exf4 10. Bxf4 Ng4 11. O-O Nge5 12. Nxe5 dxe5 13. Bg3 Be7 14. Bc2 O-O 15.
Ba4 f6 16. Qg4 Nb8 17. Rad1 Bd6 18. Nb5 Bc8 19. Qh4 a6 20. Nc3 Bd7 21. Bxd7 Nxd7
22. Rf3 Rb8 23. a4 Rf7 24. Rdf1 Nf8 25. Qh3 Qd7 26. Qh5 Ng6 27. b3 Rbf8 28. Nd1
Ne7 29. Ne3 g6 30. Qh6 f5 31. exf5 gxf5 32. Qe6 Qxe6 33. dxe6 Rf6 34. Nd5 f4 35.
Nxf6+ Rxf6 36. Bh4 Rxe6 37. Bxe7 Rxe7 38. Rd1 e4 39. Rh3 Be5 40. Rd5 e3 41. Kf1
Bd4 42. Ke2 b5 43. axb5 axb5 44. cxb5 Ra7 45. b6 Ra2+ 46. Kf3 Rf2+ 47. Kg4 e2
48. b7 Rxg2+ 49. Kxf4 Rf2+ 50. Rf3 Be3+ 51. Kg3 Bf4+ 52. Kxf4 Rxf3+ 53. Kxf3
e1=Q 54. b8=Q+ Kf7 55. Qc7+ Kg6 56. Qc6+ Kg7 57. Rd7+ 1-0

[Event "Titled Tue 17th Jun Late"]
[Site "chess.com INT"]
[Date "2025.06.17"]
[Round "7"]
[White "Mansurova, Mumtozbegim"]
[Black "Carroll, Thomas"]
[Result "0-1"]
[WhiteTitle "WCM"]
[WhiteElo "1800"]
[BlackElo "2131"]
[WhiteFideId "14215780"]
[BlackFideId "450111"]
[EventDate "2025.06.17"]

1. e4 d6 2. d4 Nf6 3. Nc3 e5 4. dxe5 dxe5 5. Qxd8+ Kxd8 6. Bc4 Ke8 7. Bg5 Bb4 8.
Bxf6 gxf6 9. O-O-O Bxc3 10. bxc3 Nd7 11. Ne2 Nb6 12. Bb3 a5 13. a3 a4 14. Ba2
Be6 15. Kb2 Ke7 16. f4 Ra6 17. f5 Bxa2 18. Kxa2 Nc4 19. Rb1 Nd6 20. Ng3 Rc6 21.
Kb2 Ra8 22. Rhd1 Ra5 23. Rd3 Rac5 24. Re1 Rc4 25. Ree3 R4c5 26. Re1 Rb6+ 27. Kc1
Nc4 28. Red1 Rd6 29. Rxd6 cxd6 30. Ne2 Nxa3 31. Kb2 Nc4+ 32. Ka2 Rb5 33. Rc1 a3
34. g3 d5 35. exd5 Rxd5 36. Rb1 b5 37. Nc1 Kd6 38. Nd3 e4 39. Nf4 Re5 40. Rd1+
Kc5 41. Rd8 e3 42. Rc8+ Kb6 43. Rb8+ Kc7 44. Rf8 e2 45. Rxf7+ Kc6 46. Rxf6+ Kc7
47. Nd3 e1=Q 48. Nxe1 Rxe1 49. Rf7+ Kd6 50. Rxh7 Re2 51. Rh6+ Kd5 52. g4 Rxc2+
53. Ka1 Nd2 54. Rh8 Nb3+ 55. Kb1 Rb2# 0-1

[Event "Titled Tue 17th Jun Late"]
[Site "chess.com INT"]
[Date "2025.06.17"]
[Round "7"]
[White "Martinez Ramirez, Lennis"]
[Black "Demchenko, Anton"]
[Result "0-1"]
[WhiteTitle "IM"]
[BlackTitle "GM"]
[WhiteElo "2442"]
[BlackElo "2619"]
[WhiteFideId "3509079"]
[BlackFideId "4160258"]
[EventDate "2025.06.17"]

1. Nf3 Nf6 2. b4 g6 3. Bb2 Bg7 4. g3 d6 5. Bg2 e5 6. O-O O-O 7. c4 Nh5 8. Nc3 f5
9. d3 Nc6 10. b5 Ne7 11. a4 h6 12. e3 Be6 13. Nh4 Rb8 14. Nxg6 Nxg6 15. Qxh5 Ne7
16. f4 c6 17. Kh1 Qd7 18. Rae1 Bf7 19. Qd1 Rbe8 20. Ba1 Kh8 21. e4 Bg6 22. Bh3
Qd8 23. fxe5 dxe5 24. exf5 Nxf5 25. Ne4 Nd4 26. Qg4 Bh7 27. Qd7 Nc2 28. Rc1 Nxa1
29. Rxa1 Qxd7 30. Bxd7 Rd8 31. Rxf8+ Bxf8 32. bxc6 bxc6 33. Bxc6 Rxd3 34. Rf1
Bb4 35. Rf7 Bg8 36. Rb7 Bxc4 37. Rxb4 Rd4 38. Kg2 Bf1+ 39. Kxf1 Rxb4 40. Kf2
Rb2+ 41. Kg1 Kg7 42. h4 Rc2 43. Ba8 Kf7 44. g4 Ke6 45. Kf1 Rh2 46. h5 Ra2 47.
Bc6 Rc2 48. Bb7 Rb2 49. a5 Ke7 50. a6 Ra2 51. Ke1 Rg2 52. Nf2 Rg3 53. Ke2 Ra3
54. Nd3 Kf6 55. Nb4 Kg5 56. Nc6 e4 57. Bc8 Kf4 58. Nxa7 Ra2+ 59. Kd1 e3 60. Nb5
e2+ 61. Ke1 Ke3 62. Nc3 Ra1+ 63. Nd1+ Rxd1# 0-1